000 00976cam a2200313 i 4500
001 4108717
003 Ke-BoTe
005 20220506142415.0
008 751204s1976 paua b 001 0 eng
010 _a 75038153
020 _a0721655289
040 _aDLC
_cDLC
_dDLC
050 1 0 _aRT89
_b.K74 1976
060 _aWY105 K93n
082 0 0 _a610.73
100 1 _aKron, Thora.
_94461
245 1 4 _aThe management of patient care :
_bputting leadership skills to work /
_cThora Kron.
250 _a4th ed.
260 _aPhiladelphia :
_bSaunders,
_c1976.
300 _aviii, 247 p. :
_bill. ;
_c24 cm.
500 _aFirst-2d ed. published under title: Nursing team leadership.
504 _aIncludes bibliographies and index.
650 0 _aNursing services
_xAdministration.
_9239
650 0 _aTeam nursing.
_94308
650 0 _aLeadership.
_914
650 2 _aNursing, Supervisory.
_94462
906 _a7
_bcbc
_corignew
_d1
_eocip
_f19
_gy-gencatlg
942 _2lcc
_cBK
_n0
999 _c2234
_d2234